00398nam a2200157Ia 450000500170000000800410001704000190005804100120007708200190008910000210010824500350012926000320016430000110019665000230020785000100023020220929131840.0131103s9999 xx 000 0 und d aLoreto College aEnglish a821.7bBYR-QUE aQuennell, Peter  aByron in ItalycPeter Quennell aCanadabPenguin booksc1955 a240p.  aEnglish literature aLCLIB